000 00736nam a22002177a 4500
005 20081020164315.0
008 081020t xxu||||| |||| 00| 0 eng d
010 _aENG-84506
020 _a8178355140
020 _c720.00 (hb)
035 _aEN-68039
082 _a338.9 / RAJ
100 _aRajavel, N
245 _aPlanning for growth and development /
_cby N Rajavel
260 _aDelhi
_bKalpaz Publications
260 _c2006
300 _a336p
_c22cm
500 _aIncludes bibliographical references and index
942 _2ddc
_cEN
_h338.9
_m RAJ
999 _c17812
_d17812